000 01832nam0a2200373 4500
001 RU\NLR\bibl\901322
005 20260405071050.0
010 _a5-87237-485-2
_9200
021 _aRU
_b2005-73995
_93649
035 _a(nilc)RSL-KNO-002766561
035 _a(NLR Aleph) 000889755
090 _a1710924
_c1710924
100 _a20051114d2005 |||y0rusy50 ca
101 0 _arus
102 _aRU
105 _aa |||||||||
106 _ar
200 1 _aОсновы ведения бухгалтерского и налогового учета на персональном компьютере с использованием программного продукта "1С:Бухгалтерия 7.7"
_eучеб. пособие
_fД. А. Беляев
210 _aСыктывкар
_cизд-во Сыктывкарского университета
_d2005
215 _a120 с.
_cил.
_d20
320 _aБиблиогр.: с. 102
606 1 _a"1С: Бухгалтерия, 7.7", автоматизированная система
_jУчебные издания
_92190412
_3RU\NLR\auth\661316749
610 0 _aЭкономика -- Учет -- Российская Федерация -- Бухгалтерский учет -- Организация системы учета -- Применение ЭВМ -- Учебное пособие
686 _aУ052.9(2)20-211.852я7
_2rubbk
686 _aУ052.9(2)2-211.853я7
700 1 _4070
_8rus
_7ca
_aБеляев
_bД. А.
_cканд. экон. наук, информ. технологии
_f1976-
_gДмитрий Анатольевич
_3RU\NLR\AUTH\7724224
_97275
801 0 _aRU
_bRuMoRKP
_c20051114
_grcr
801 1 _aRU
_bRuMoRGB
_c20051114
801 2 _aRU
_bNLR
_c20060130
_grcr
942 _cBOOK
980 _aNB
980 _aNBR